000 00487nam a2200181Ia 4500
001 16525
005 20260306170316.0
008 260306t2022||||xx |||||||||||||| ||und||
041 _aESP
082 _a348.6
_bT22C
100 _aTarazona Pinedo, Manolo Narciso
_eAUT
245 0 _aContratación de personal extranjero:
_bRégimen laboral de construcción civil
260 _c2022
300 _a64 páginas :
_c24 cm.
650 _aGEN
654 _aCDE
942 _cLIB
_dJUS
_fJUS
_2ddc
_n
999 _c16525
_d16525